Normal view
MARC view
- إعداد فارس الداوود؛ مراجعة محمد موسى عادل
Entry Personal Name
001 - CONTROL NUMBER
- control field: 51558
003 - CONTROL NUMBER IDENTIFIER
- control field: JO-AjAnu
005 - DATE AND TIME OF LATEST TRANSACTION
- control field: 20230606082500.0
008 - FIXED-LENGTH DATA ELEMENTS
- fixed length control field: 230606|| aca||aabn | a|a d
040 ## - CATALOGING SOURCE
- Original cataloging agency: JO-AjAnu
- Transcribing agency: JO-AjAnu
100 ## - HEADING--PERSONAL NAME
- Personal name: إعداد فارس الداوود؛ مراجعة محمد موسى عادل
670 ## - SOURCE DATA FOUND
- Source citation: Work cat.: (JO-AjAnu)26353: إعداد فارس الداوود؛ مراجعة محمد موسى عادل, author, مجلس البناء الوطني الأردني، وزارة الأشغال العامة والإسكان: كود التاريض